000 00858cam a22002411 4500
001 s 13000033
003 DLC
005 20260227111910.0
008 780324m18551856dcu b f000 0 eng c
010 _as 13000033
035 _a(OCoLC)3745535
040 _aLibrary, Smithsonian Institution
_cNGenoU
_dDLC
042 _apremarc
050 0 0 _aQ11
_b.S68
110 2 _aSmithsonian Institution.
245 1 0 _aPublications of learned societies and periodicals in the library of the Smithsonian Institution.
260 _a[Washington,
_bSmithsonian Institution,
_c1855-56]
300 _a2 v.
_c33 cm.
490 0 _aSmithsonian contributions to knowledge: vol. VII, app.; vol. VIII, app. 2]
490 0 _aSmithsonian Institution publication 73, 85.
650 0 _aLearned institutions and societies
_vBibliography.
650 0 _aPeriodicals
_vBibliography.
999 _c52610
_d52610